Az európai Transport Management Center, mint 4PL szolgáltatás vizsgálata és hatása a Robert Bosch Automotive Steering Kft. példáján keresztül

Bibliographic Details
Main Author: S. Nagy Renáta
Other Authors: Horváth Dr. Annamária
Format: Thesis
Kulcsszavak:4PL
Online Access:http://dolgozattar.uni-bge.hu/4651

MARC

LEADER 00000nta a2200000 i 4500
001 dolg4651
005 20160517134903.0
008 151214suuuu hu om 000 hun d
040 |a BGE Dolgozattár Repozitórium  |b hun 
041 |a hu 
100 1 |a S. Nagy Renáta 
245 1 3 |a Az európai Transport Management Center, mint 4PL szolgáltatás vizsgálata és hatása a Robert Bosch Automotive Steering Kft. példáján keresztül  |c S. Nagy Renáta  |h [elektronikus dokumentum] 
695 |a 4PL 
700 1 |a Horváth Dr. Annamária  |e ths 
856 4 0 |u http://dolgozattar.uni-bge.hu/4651/1/Szakdolgozat.pdf  |z Dokumentum-elérés